Fotografický materiál Archivu AV ČR
| Titel: | Fotografický materiál Archivu AV ČR |
|---|---|
| Verfasser: | |
| In: |
Akademie věd České republiky: Práce z dějin Akademie Věd, Band 1, Heft 2 (2009), Seite 159-162 alle Artikel anzeigen |
| Veröffentlicht: | 2009 |
| Format: | Aufsatz |
| Sprache: | Tschechisch |
X
alg: 39346667 001A $01999:12-11-16 001B $01999:18-03-23 $t03:05:25.000 001D $01999:12-11-16 001U $0utf8 001X $00 002@ $0Aox 003@ $0393466671 007A $0393466671 $aHEB 007T $0Herdpp149556 010@ $acze 011@ $a2009 021A $aFotografický materiál Archivu AV ČR 028A $aMádlová $dVlasta 031A $d1 $e2 $h159-162 $j2009 039B $aIn $8--Abvc--Akademie věd České republiky [Tb1]. Práce z dějin Akademie Věd. - Praha : Masarykův Ústav, 2009-. - ISSN 1803-9448 $x200900000010002841 $9221645896 045T $a7,41 lok: 39346667 78 exp: 39346667 78 1 #EPN 201B/01 $026-11-17 $t03:31:14.000 201U/01 $0utf8 203@/01 $0789577119 208@/01 $a12-11-16 $be 209A/01 $a/ $f000 $x00 220C/01 $aHerkunft: Hú Av Čr Praha 244Z/01 $#Tschechien $#Tschechische Republik $#Tschechische Republik $#Tschechenland $#Tschechei Tschechien $#Česká Republika $#Czech Republic $#ČR $74303381-7 $8--Tg1--Tschechien $x01 $9086659812 244Z/01 $2Trx $#Böhmen $#Bohemia $#Czechy $8--Trx--Čechy $x02 $9391188941 244Z/01 $afotoarchivy $x03 244Z/01 $2Trx $#fotod $#nuotraukos $#Photographs $#fényképek $#fotografie $#fotografie $#fotografie $8--Trx--Photographien $x04 $939138287X 244Z/01 $aAkademie věd $x05 244Z/01 $2Trx $#arhiivid üldine $#archyvai bendras $#Archives general $#levéltárak általában $#archiwa ogólnie $#archívy všeobecne $#archivy všeobecné $8--Trx--Archive$gallgemein $x06 $9391357085 244Z/01 $adějiny vědy $x07 244Z/01 $2Trx $8--Trx--Zeitschriftenaufsatz $x08 $9391384341 247C/01 $82080>Marburg/Lahn, Herder-Institut, Forschungsbibliothek, Bibliographieportal $9336309341
| LEADER | 00000caa a22000002c 4500 | ||
|---|---|---|---|
| 001 | 393466671 | ||
| 003 | DE-603 | ||
| 005 | 20230318030525.0 | ||
| 007 | tu | ||
| 008 | 161112s2009 xx |||| | u00||u|cze c | ||
| 035 | |a (DE-599)HEB393466671 | ||
| 040 | |a DE-603 |b ger |c DE-603 |d DE-603 | ||
| 041 | |a cze | ||
| 084 | |a 7,41 |2 ssgn | ||
| 100 | 1 | |a Mádlová, Vlasta | |
| 245 | 0 | 0 | |a Fotografický materiál Archivu AV ČR |
| 264 | 0 | |c 2009 | |
| 773 | 0 | 8 | |i In |a Akademie věd České republiky |t Práce z dějin Akademie Věd |d Praha : Masarykův Ústav, 2009- |x 1803-9448 |g Band 1, Heft 2 (2009), Seite 159-162 |w (DE-603)221645896 |w (DE-600)2544363-X |
| 924 | 0 | |9 2080 |a (DE-603)789577119 |b DE-2080 |c HES |d d |g / | |


